00560 2200217 4500001002100000005001500021035002000036007000300056008004100059020001800100082000800118084001400126100002000140245005300160250001100213260004500224300002000269650002900289990001200318990001200330INLIS00000000000194420180516094554 a0010-0518000014ta180516 g 0 ind  a9786020337135 a811 a811 AVI p0 aAVIANTI, Armand1 aPerempuan Yang Dihapus Namanya /cAvianti Armand acet. 1 aJakarta :bGramedia Pustaka Utama,c2017 a82 hlm ;c21 cm aPUISI INDONESIA-KUMPULAN a16688 a a16688 b